Christoph Mäckler /

Gorde:
Xehetasun bibliografikoak
Formatua: Liburua
Hizkuntza:gaztelania
Argitaratua: Barcelona, España : Gustavo Gili, 1995, c1995
Saila:(Catálogos de Arquitectura Contemporánea)
Gaiak:
Etiketak: Etiketa erantsi
Etiketarik gabe, Izan zaitez lehena erregistro honi etiketa jartzen!

MARC

LEADER 00000nam^a2200000^a^4500
001 000091022
005 20250521000000.0
009 20260310092633.662
020 |a 84-252-1630-3 
037 |a Acervo ITESO - Biblioteca 
041 |a ESP 
082 |a 720. 943  |b CHR 
245 1 0 |a Christoph Mäckler /  |c Introd. de Kenneth Frampton, Kristin Feireiss. 
264 4 |a Barcelona, España :  |b Gustavo Gili,  |c 1995, c1995 
300 |a 96 p. 
336 |a texto  |b txt  |2 rdacontenido 
337 |a sin mediación  |b n  |2 rdamedio 
338 |a volumen  |b nc  |2 rdasoporte 
440 1 |a (Catálogos de Arquitectura Contemporánea) 
546 |a Edición bilingüe español-inglés 
649 |a XX 
650 |a Arquitectos Alemanes 
650 |a Arquitectura Alemana 
650 |a Mäckler, Christoph 
910 |a Fondo General 
920 |a Impresos - Libros 
930 |a Colección General 
905 |a 101 
901 |a 0500025634  |b IT1  |c ACC  |u 20250521 
902 |a https://opac.biblio.iteso.mx/vufind/Record/000091022